| 000 | 01698nam0a2200301 4500 | ||
|---|---|---|---|
| 001 | RU\NLR\bibl\1175606 | ||
| 005 | 20260406181109.0 | ||
| 010 |
_a978-5-87857-135-7 _91000 |
||
| 035 | _a(NLR Aleph) 001162261 | ||
| 090 |
_a1544992 _c1544992 |
||
| 100 | _a20080114d2007 |||y0rusy50 ca | ||
| 101 | 0 | _arus | |
| 102 | _aRU | ||
| 105 | _ay ||||||||| | ||
| 200 | 1 |
_aЗащита прав призывника: ваш путь к успеху _eметодическое пособие _fРегион. обществ. правозащит. орг. "Солдат. матери Санкт-Петербурга" _g[Полякова Элла Михайловна и др.] |
|
| 210 |
_aСанкт-Петербург _cНорма _cРегиональная общественная организация правозащитная организация "Солдатские матери Санкт-Петербурга" _d2007 |
||
| 215 |
_a94 с. _d21 |
||
| 606 | 0 |
_aПризывники _jМетодические пособия _xСоциально-правовая защита _yРоссийская Федерация _92199937 _3RU\NLR\auth\661322026 |
|
| 686 | _aЦ4,6(2Р)26я8 | ||
| 702 | 1 |
_4220 _aПолякова _bЭ. М. _cобщественный деятель _gЭлла Михайловна _9132649 _3RU\NLR\AUTH\770132683 |
|
| 712 | 0 | 2 |
_4570 _a"Солдатские матери Санкт-Петербурга", общественная правозащитная организация _3RU\NLR\AUTH\889945792 _9387027 |
| 801 | 0 |
_aRU _bNLR _c20080114 _gRCR |
|
| 801 | 1 |
_aRU _bNLR _c20080114 |
|
| 830 | _aсост. по кн. | ||
| 942 | _cBOOK | ||
| 980 | _aNB | ||